[Event "CYCC-U12"]
[Site "Montreal CAN"]
[Date "1998.02.01"]
[Round "5"]
[White "Goutor, Yaroslav"]
[Black "Ledent, Tristan"]
[Result "1/2-1/2"]
[WhiteElo "1472"]
[BlackElo "1599"]
[PlyCount "133"]
[GameId "2160767911873998"]
[EventDate "1998.01.31"]
[EventType "swiss"]
[EventRounds "5"]
[EventCountry "CAN"]

1. e4 d5 2. exd5 Qxd5 3. Nc3 Qa5 4. Nf3 Nf6 5. Bc4 Bf5 6. h3 e6 7. d3 c6 8. a3 Qc7 9. Qe2 Bd6 10. Bg5 Nbd7 11. Nh4 Bg6 12. Nxg6 hxg6 13. Ne4 O-O-O 14. Nxd6+ Qxd6 15. O-O-O Rh5 16. Bxf6 Nxf6 17. Rde1 Qf4+ 18. Qe3 Nd5 19. Bxd5 Qxe3+ 20. Rxe3 Rdxd5 21. g4 Rh4 22. Re4 Kd7 23. Kd2 Kd6 24. Ke3 c5 25. c4 Re5 26. f4 Rxe4+ 27. Kxe4 f5+ 28. gxf5 gxf5+ 29. Kf3 g6 30. Kg3 Rh6 31. h4 a6 32. a4 b6 33. Rb1 a5 34. b3 Kc6 35. Re1 Kd6 36. Rd1 Rh8 37. d4 Ke7 38. dxc5 bxc5 39. Rd3 Rb8 40. Kf2 Rh8 41. Rh3 Kf6 42. Kg3 Ke7 43. Rh1 Kf7 44. Rd1 Ke7 45. Re1 Kf6 46. Re5 Rc8 47. Re1 Rd8 48. Kf3 Rd3+ 49. Re3 Rd4 50. Re5 Rd3+ 51. Re3 Rxe3+ 52. Kxe3 Kg7 53. Kf3 Kh6 54. Kg3 Kh5 55. Kh3 Kh6 56. Kg3 Kh5 57. Kh3 Kh6 58. Kh2 Kh5 59. Kg3 Kh6 60. Kf2 Kg7 61. Ke3 Kh6 62. Kf2 Kh5 63. Kg3 Kh6 64. Kh3 Kh5 65. Kg3 Kh6 66. Kf2 Kh5 67. Kg3 1/2-1/2

[Event "CYCC-U12"]
[Site "Montreal CAN"]
[Date "1998.02.01"]
[Round "5"]
[White "Gushuliak, Justin"]
[Black "Landry, Scott"]
[Result "1-0"]
[WhiteElo "1689"]
[BlackElo "1395"]
[PlyCount "77"]
[GameId "2160767911873999"]
[EventDate "1998.01.31"]
[EventType "swiss"]
[EventRounds "5"]
[EventCountry "CAN"]

1. e4 e5 2. Nf3 Nc6 3. Bb5 Nf6 4. O-O d6 5. Re1 Be7 6. c3 O-O 7. h3 Bd7 8. d3 Qc8 9. Kh2 Nh5 10. Nxe5 Nxe5 11. Bxd7 Qxd7 12. Qxh5 d5 13. Qe2 Qd6 14. Bf4 Bg5 15. Bg3 Bh4 16. Bxe5 Qxe5+ 17. g3 Bf6 18. d4 Qxe4 19. Qxe4 dxe4 20. Rxe4 Rfe8 21. Nd2 Bg5 22. f4 Bh6 23. Rae1 Red8 24. Nf3 g6 25. Re7 f6 26. Rxc7 g5 27. f5 Rd5 28. g4 b6 29. Ree7 Bf8 30. Rxa7 Rxa7 31. Rxa7 Bd6+ 32. Kg2 Bf4 33. Re7 Rd6 34. Re6 Kf7 35. Rxd6 Bxd6 36. Nd2 Bf4 37. Ne4 Ke7 38. c4 h6 39. Kf3 1-0

[Event "CYCC-U12"]
[Site "Montreal CAN"]
[Date "1998.02.01"]
[Round "5"]
[White "Tsui, Edwin"]
[Black "Hazeltine, Stephen"]
[Result "0-1"]
[WhiteElo "1239"]
[BlackElo "1248"]
[PlyCount "88"]
[GameId "2160767911874000"]
[EventDate "1998.01.31"]
[EventType "swiss"]
[EventRounds "5"]
[EventCountry "CAN"]

1. g3 e5 2. Bg2 Nc6 3. d3 Bc5 4. e3 Nf6 5. Nc3 O-O 6. Bd2 d6 7. Nf3 Bg4 8. h3 Bh5 9. g4 Bg6 10. Qe2 h6 11. O-O-O Re8 12. Rdg1 e4 13. dxe4 Nxe4 14. h4 Bh7 15. Bf1 Nxc3 16. Bxc3 Bb4 17. Qd2 Bxc3 18. Qxc3 a5 19. g5 h5 20. Kb1 Qe7 21. Bd3 Bxd3 22. Qxd3 Qe6 23. g6 f6 24. Qb3 Qxb3 25. cxb3 Ne5 26. Nxe5 dxe5 27. Rc1 Re7 28. Rh3 b6 29. Rf3 Rc8 30. Rf5 Rd7 31. Rxh5 Rd2 32. Rf5 Kf8 33. Rh1 Rcd8 34. Kc1 R2d5 35. h5 e4 36. Rf4 Rc5+ 37. Kb1 Re8 38. h6 gxh6 39. Rxh6 Kg7 40. Rfh4 Rd8 41. a3 Rd1+ 42. Ka2 Rcc1 43. b4 a4 44. b3 Rc2# 0-1

[Event "CYCC-U12"]
[Site "Montreal CAN"]
[Date "1998.02.01"]
[Round "5"]
[White "Wang, Hao Yuan"]
[Black "Kovacs, Pal"]
[Result "0-1"]
[WhiteElo "2063"]
[BlackElo "1904"]
[PlyCount "64"]
[GameId "2160767911874001"]
[EventDate "1998.01.31"]
[EventType "swiss"]
[EventRounds "5"]
[EventCountry "CAN"]

1. d4 Nf6 2. c4 c5 3. e3 cxd4 4. exd4 d5 5. Nf3 Nc6 6. Nc3 Bg4 7. Be3 e6 8. Be2 Rc8 9. cxd5 Nxd5 10. Nxd5 Qxd5 11. O-O Be7 12. a3 O-O 13. Qd2 Rfd8 14. Rfd1 Na5 15. Qe1 Nb3 16. Rab1 Rc7 17. Ne5 Bf5 18. Bd3 Bxd3 19. Nxd3 Rdc8 20. Nc1 Na5 21. Ne2 Bd6 22. Nc3 Qh5 23. h3 Nc4 24. d5 Qe5 25. Nb5 Qh2+ 26. Kf1 Nxe3+ 27. Qxe3 Rc2 28. Rd2 Qh1+ 29. Ke2 Rxd2+ 30. Qxd2 Qxb1 31. Nc3 Qf5 32. dxe6 Qxe6+ 0-1

[Event "CYCC-U14"]
[Site "Montreal CAN"]
[Date "1998.01.31"]
[Round "1"]
[White "Bachand-Fleurent, Julien"]
[Black "Wang, Michael"]
[Result "1-0"]
[WhiteElo "1872"]
[BlackElo "1114"]
[PlyCount "67"]
[GameId "2160767911874002"]
[EventDate "1998.01.31"]
[EventType "swiss"]
[EventRounds "5"]
[EventCountry "CAN"]

1. e4 e5 2. Nf3 Nc6 3. Bc4 Nd4 4. d3 Nxf3+ 5. Qxf3 Qf6 6. Qg3 Be7 7. O-O d6 8. f4 Nh6 9. fxe5 Qxe5 10. Qxe5 dxe5 11. Bxh6 gxh6 12. Bxf7+ Kd8 13. Bb3 a5 14. a3 c6 15. Nd2 b5 16. Ba2 Kc7 17. Rf7 Kd6 18. Raf1 Bd7 19. Rg7 Raf8 20. Rxf8 Bxf8 21. Rf7 Be7 22. Nf3 b4 23. a4 Bd8 24. Kf1 c5 25. Bb3 Be7 26. Nxe5 Be8 27. Nc4+ Kd7 28. Rf5 Bg6 29. Rd5+ Ke8 30. Nxa5 Rf8+ 31. Ke1 Rf6 32. Re5 Kf8 33. Re6 Rf4 34. Nc6 1-0

[Event "CYCC-U14"]
[Site "Montreal CAN"]
[Date "1998.01.31"]
[Round "1"]
[White "Fortin, Marc"]
[Black "Vezina, Kenny"]
[Result "0-1"]
[WhiteElo "2039"]
[BlackElo "1392"]
[PlyCount "86"]
[GameId "2160767911874003"]
[EventDate "1998.01.31"]
[EventType "swiss"]
[EventRounds "5"]
[EventCountry "CAN"]

1. e4 e5 2. Nf3 Nc6 3. Bc4 Bc5 4. c3 Nf6 5. d4 Bb6 6. O-O O-O 7. Bg5 d6 8. dxe5 dxe5 9. Bd5 Bg4 10. Nbd2 Re8 11. b4 h6 12. Bxf6 Qxf6 13. a4 a6 14. a5 Ba7 15. Qb3 Rab8 16. Qa4 Red8 17. Rfe1 Ne7 18. Bc4 Rxd2 19. Nxd2 Bxf2+ 20. Kh1 Bxe1 21. Rxe1 Qf2 22. Rf1 Qxd2 23. Rxf7 Kh7 24. h3 Bxh3 25. gxh3 Qe3 26. Kg2 Qxe4+ 27. Kh2 Qxc4 28. Qc2+ Ng6 29. Rf2 Qc6 30. h4 Kh8 31. h5 Nf4 32. Qf5 Qxc3 33. Rc2 Qe3 34. Qg4 Qd3 35. Rf2 Qh3+ 36. Qxh3 Nxh3 37. Kxh3 Re8 38. Kg4 e4 39. Re2 Kg8 40. Kf4 e3 41. Rxe3 Rxe3 42. Kxe3 Kf7 43. Ke4 Ke6 0-1

[Event "CYCC-U14"]
[Site "Montreal CAN"]
[Date "1998.01.31"]
[Round "1"]
[White "Hache, Sonny"]
[Black "Rolfe, Warrick"]
[Result "0-1"]
[WhiteElo "1124"]
[BlackElo "1912"]
[PlyCount "96"]
[GameId "2160767911874005"]
[EventDate "1998.01.31"]
[EventType "swiss"]
[EventRounds "5"]
[EventCountry "CAN"]

1. c4 Nf6 2. e3 g6 3. d3 Bg7 4. Nc3 O-O 5. Be2 c6 6. Bd2 Na6 7. e4 d5 8. e5 Nd7 9. d4 dxc4 10. Bxc4 b5 11. Bd3 Nxe5 12. Bxb5 cxb5 13. dxe5 Nb4 14. Bg5 Bxe5 15. Qxd8 Rxd8 16. Rc1 Nd3+ 17. Ke2 Nxc1+ 18. Bxc1 Ba6 19. Ke1 Rac8 20. Nge2 b4 21. Nd1 Bxe2 22. Kxe2 Rxc1 23. g3 Bc3 24. Rf1 Rd2+ 25. Kf3 Rcxd1 26. Rxd1 Rxd1 27. Ke2 Rd2+ 28. Kf1 Rxb2 29. Kg2 Rxa2 30. Kf3 Rxf2+ 31. Kxf2 b3 32. Ke3 b2 33. Kd3 b1=Q+ 34. Kxc3 a5 35. h4 a4 36. g4 a3 37. h5 a2 38. hxg6 a1=Q+ 39. Kc4 Qaa2+ 40. Kd4 Qab2+ 41. Ke3 Q1c1+ 42. Ke4 Qbc2+ 43. Kd5 Q1d1+ 44. Ke5 Qce2+ 45. Kf5 Qd5+ 46. Kf4 Qdf3+ 47. Kg5 f6+ 48. Kh4 Qh2# 0-1

[Event "CYCC-U14"]
[Site "Montreal CAN"]
[Date "1998.01.31"]
[Round "1"]
[White "Huang, Jeff"]
[Black "Gottlieb, Jonathan"]
[Result "0-1"]
[WhiteElo "1726"]
[BlackElo "2083"]
[PlyCount "84"]
[GameId "2160767911874006"]
[EventDate "1998.01.31"]
[EventType "swiss"]
[EventRounds "5"]
[EventCountry "CAN"]

1. e4 c5 2. Nf3 d6 3. d4 cxd4 4. Nxd4 Nf6 5. Nc3 a6 6. Bc4 e6 7. O-O b5 8. Bb3 Be7 9. Re1 O-O 10. Qf3 Bb7 11. Qg3 Kh8 12. f3 Nc6 13. Be3 Qd7 14. Rad1 Rac8 15. f4 Nxd4 16. Bxd4 Qc7 17. Kh1 Rg8 18. e5 dxe5 19. Bxe5 Qc6 20. Rd3 Nd7 21. Bd4 Bh4 22. Bd5 Qxd5 23. Nxd5 Bxg3 24. hxg3 Bxd5 25. c3 Nf6 26. b3 h6 27. Kg1 Kh7 28. Be5 Ne4 29. g4 f6 30. Bd4 Rgd8 31. Bb6 Rd6 32. Ba5 f5 33. gxf5 exf5 34. g4 Bf7 35. Bb4 Rxd3 36. gxf5 Re8 37. Rf1 Bd5 38. Kh2 Ng3 39. Rf2 Re1 40. Kh3 Ne4+ 41. Kg2 Ng5+ 42. Kh2 Rh1# 0-1

[Event "CYCC-U14"]
[Site "Montreal CAN"]
[Date "1998.01.31"]
[Round "2"]
[White "Gottlieb, Jonathan"]
[Black "Bachand-Fleurent, Julien"]
[Result "0-1"]
[WhiteElo "2083"]
[BlackElo "1872"]
[PlyCount "102"]
[GameId "2160767911874007"]
[EventDate "1998.01.31"]
[EventType "swiss"]
[EventRounds "5"]
[EventCountry "CAN"]

1. e4 e6 2. d4 d5 3. exd5 exd5 4. c4 c6 5. Nc3 Nf6 6. Bd3 Be7 7. Nge2 O-O 8. O-O dxc4 9. Bxc4 Bf5 10. Re1 Nbd7 11. Ng3 Bg6 12. h4 Nb6 13. Be2 h6 14. h5 Bh7 15. Bd3 Re8 16. Bxh7+ Nxh7 17. Nf5 Bg5 18. Rxe8+ Qxe8 19. Bxg5 Nxg5 20. f4 Ne6 21. Qg4 Kh8 22. Ne4 Nd5 23. Nfd6 Qd7 24. Rd1 Ne3 25. Qf3 Nxd1 26. Qxd1 Rb8 27. Qg4 Rf8 28. Qf5 Qc7 29. g4 Nxd4 30. Qc5 Qb6 31. Qxb6 axb6 32. Kf2 Kg8 33. Nxb7 Ra8 34. a3 Nb5 35. Ke3 Rb8 36. Nbd6 Nxd6 37. Nxd6 Kf8 38. Nc4 f6 39. Ke4 b5 40. Ne3 Rd8 41. Nc2 c5 42. Ke3 Ke7 43. b4 c4 44. Nd4 Rc8 45. Nxb5 c3 46. Nxc3 Rxc3+ 47. Kd4 Rxa3 48. Kc5 Kd7 49. Kb6 Rb3 50. Kc5 Kc7 51. Kd5 Rxb4 0-1

[Event "CYCC-U14"]
[Site "Montreal CAN"]
[Date "1998.01.31"]
[Round "2"]
[White "Ma, Xiao"]
[Black "Fortin, Marc"]
[Result "1-0"]
[WhiteElo "1785"]
[BlackElo "2039"]
[PlyCount "92"]
[GameId "2160767911874008"]
[EventDate "1998.01.31"]
[EventType "swiss"]
[EventRounds "5"]
[EventCountry "CAN"]

1. e4 c5 2. Nf3 d6 3. d4 cxd4 4. Nxd4 Nf6 5. Nc3 Nc6 6. Bg5 e6 7. Qd2 Be7 8. O-O-O a6 9. Kb1 Bd7 10. h3 b5 11. f3 Qb6 12. Be3 Qb7 13. Bd3 Nxd4 14. Bxd4 b4 15. Ne2 e5 16. Be3 Be6 17. g4 Nd7 18. f4 f6 19. f5 Bf7 20. Ng3 Nc5 21. h4 a5 22. g5 a4 23. h5 b3 24. g6 bxa2+ 25. Ka1 Bg8 26. h6 hxg6 27. fxg6 Rb8 28. Qc1 a3 29. bxa3 Na4 30. c4 Bd8 31. h7 Be6 32. Qc2 Ba5 33. Bd2 Bxd2 34. Rxd2 Nc5 35. Kxa2 Qb3+ 36. Qxb3 Rxb3 37. Nh5 Ke7 38. Nxg7 Ra8 39. Ka1 Raxa3+ 40. Ra2 Rxa2+ 41. Kxa2 Rxd3 42. h8=Q Bxc4+ 43. Kb1 Rb3+ 44. Kc2 Bd3+ 45. Kd1 Rb1+ 46. Kd2 Rb2+ 1-0

[Event "CYCC-U14"]
[Site "Montreal CAN"]
[Date "1998.01.31"]
[Round "2"]
[White "Vezina, Kenny"]
[Black "Huang, Jeff"]
[Result "1-0"]
[WhiteElo "1392"]
[BlackElo "1726"]
[PlyCount "99"]
[GameId "2160767911874010"]
[EventDate "1998.01.31"]
[EventType "swiss"]
[EventRounds "5"]
[EventCountry "CAN"]

1. e4 c5 2. Bc4 Nc6 3. Nc3 d6 4. Nf3 Nf6 5. d3 Bg4 6. h3 Bh5 7. Bg5 e6 8. Qd2 Bxf3 9. gxf3 Nd4 10. O-O-O a6 11. a3 b5 12. Bb3 Nxf3 13. Qf4 Nxg5 14. Qxg5 h6 15. Qf4 Be7 16. Rhg1 Nd7 17. Qg3 Rg8 18. f4 Bf6 19. f5 Qe7 20. fxe6 fxe6 21. Qg6+ Qf7 22. Bxe6 Qxg6 23. Rxg6 Ne5 24. Rxf6 Rh8 25. Rf2 Ra7 26. Nd5 Rb7 27. d4 cxd4 28. Rxd4 a5 29. Ne3 Ke7 30. Bg4 g6 31. Nd5+ Kd8 32. Rf6 g5 33. Rxd6+ Ke8 34. Re6+ Kf7 35. Rxe5 Kg7 36. Ne7 Rf8 37. Nf5+ Kf6 38. Rc5 Kg6 39. Rd6+ Kh7 40. Rxh6+ Kg8 41. Rg6+ Kh8 42. Rxg5 Rd7 43. Rh5+ Kg8 44. Nh6+ Kh8 45. Bxd7 Rf1+ 46. Kd2 Rf2+ 47. Ke3 Rf1 48. Rhg5 Re1+ 49. Kd2 Re2+ 50. Kxe2 1-0

[Event "CYCC-U14"]
[Site "Montreal CAN"]
[Date "1998.01.31"]
[Round "2"]
[White "Wang, Michael"]
[Black "Hache, Sonny"]
[Result "1-0"]
[WhiteElo "1114"]
[BlackElo "1124"]
[PlyCount "86"]
[GameId "2160767911874011"]
[EventDate "1998.01.31"]
[EventType "swiss"]
[EventRounds "5"]
[EventCountry "CAN"]

1. e4 c5 2. Nf3 e6 3. d4 cxd4 4. Nxd4 d6 5. Nc3 a6 6. f4 Be7 7. Be3 Bd7 8. Be2 e5 9. fxe5 dxe5 10. Nf3 Nc6 11. O-O Nf6 12. a3 Be6 13. Qe1 Ng4 14. Rd1 Qc8 15. Bd2 Na5 16. h3 Bc5+ 17. Kh1 Nf6 18. Qg3 Be7 19. Nxe5 Rg8 20. Bg5 Qc7 21. Bxf6 Bxf6 22. Rxf6 Rf8 23. Rf3 f6 24. Nd3 Qf7 25. Ne5 Qe7 26. Nd3 Nc6 27. Nf4 Bd7 28. Nfd5 Qe5 29. Nc7+ Ke7 30. Nxa8 Qe6 31. Nc7 Qf7 32. N3d5+ Kd8 33. Nb6 Ne5 34. Rc3 g6 35. Bc4 Qe7 36. Nxd7 Nxd7 37. Ne6+ Ke8 38. Nxf8 Kxf8 39. Qc7 Ke8 40. Qc8+ Qd8 41. Qxd8+ Kxd8 42. Rcd3 Kc8 43. Rxd7 Kb8 1-0

[Event "CYCC-U14"]
[Site "Montreal CAN"]
[Date "1998.01.31"]
[Round "3"]
[White "Bachand-Fleurent, Julien"]
[Black "Vezina, Kenny"]
[Result "1-0"]
[WhiteElo "1872"]
[BlackElo "1392"]
[PlyCount "163"]
[GameId "2160767911874012"]
[EventDate "1998.01.31"]
[EventType "swiss"]
[EventRounds "5"]
[EventCountry "CAN"]

1. e4 e5 2. Nf3 Nc6 3. Bc4 Bc5 4. c3 Nf6 5. d4 exd4 6. cxd4 Bb4+ 7. Bd2 Bxd2+ 8. Nbxd2 d6 9. O-O O-O 10. a3 Bg4 11. Qc2 Re8 12. Rfe1 a6 13. Rac1 b5 14. Bxf7+ Kxf7 15. Qxc6 Ra7 16. Qc2 Be6 17. Ng5+ Kg8 18. e5 Nd5 19. Qxh7+ Kf8 20. Nxe6+ Rxe6 21. Qh8+ Ke7 22. Qxg7+ Ke8 23. Qg8+ Kd7 24. Qxd8+ Kxd8 25. exd6 Rxd6 26. Nf3 Nf4 27. Re3 Rg6 28. g3 Nh3+ 29. Kg2 Nf4+ 30. Kf1 Nd5 31. Re5 Nb6 32. b3 Rd6 33. h4 Nd7 34. Rg5 Kc8 35. Kg2 Kb7 36. Rh1 Ra8 37. h5 Rh8 38. Rg6 Rd5 39. h6 Rf5 40. g4 Rf4 41. Rh3 Nf8 42. Rg7 Ne6 43. Rg6 Re4 44. g5 Nf4+ 45. Kg3 Nxg6 46. Ne5 Nxe5 47. dxe5 Rxe5 48. f4 Re3+ 49. Kg4 Rxh3 50. Kxh3 c5 51. Kg4 c4 52. bxc4 bxc4 53. Kf5 c3 54. g6 c2 55. g7 Rxh6 56. g8=Q c1=Q 57. Qg7+ Qc7 58. Qxh6 Qc5+ 59. Kg6 Qxa3 60. Qg7+ Kc6 61. Qf6+ Kd7 62. Qf7+ Qe7 63. Qd5+ Ke8 64. Qc6+ Kf8 65. Qc8+ Qe8+ 66. Qxe8+ Kxe8 67. Kg7 a5 68. f5 a4 69. f6 a3 70. f7+ Kd7 71. f8=Q a2 72. Qf7+ Kd6 73. Qxa2 Ke5 74. Qd2 Kf5 75. Qd5+ Kg4 76. Kg6 Kf4 77. Qd4+ Kf3 78. Kf5 Ke2 79. Ke4 Ke1 80. Qb2 Kf1 81. Kf3 Ke1 82. Qe2# 1-0

[Event "CYCC-U14"]
[Site "Montreal CAN"]
[Date "1998.01.31"]
[Round "3"]
[White "Fortin, Marc"]
[Black "Wang, Michael"]
[Result "1/2-1/2"]
[WhiteElo "2039"]
[BlackElo "1114"]
[PlyCount "112"]
[GameId "2160767911874013"]
[EventDate "1998.01.31"]
[EventType "swiss"]
[EventRounds "5"]
[EventCountry "CAN"]

1. e4 e5 2. Nf3 Nc6 3. Bc4 Bc5 4. c3 Nf6 5. d4 exd4 6. cxd4 Bb4+ 7. Bd2 Nxe4 8. Bxb4 Nxb4 9. Bxf7+ Kxf7 10. Qb3+ d5 11. Qxb4 Qd6 12. Qb3 Re8 13. O-O c6 14. Nc3 Nxc3 15. bxc3 b6 16. Rfe1 Bf5 17. Re5 Rxe5 18. Nxe5+ Kf6 19. Qa4 Bd7 20. Qd1 Rf8 21. Qh5 Bf5 22. Qf3 Ke7 23. Re1 Kd8 24. Qg3 Qf6 25. Qe3 Re8 26. Qe2 b5 27. a4 a6 28. axb5 cxb5 29. Qa2 Qe6 30. Ra1 Kc7 31. Qxa6 Qxa6 32. Rxa6 Kb7 33. Rd6 Rc8 34. g4 Bb1 35. Rxd5 Ka6 36. Rc5 Rxc5 37. dxc5 Ka5 38. Kf1 Ka4 39. f3 Ba2 40. Ke2 b4 41. cxb4 Kxb4 42. c6 Kc5 43. Ke3 Bd5 44. h4 Bxc6 45. Nxc6 Kxc6 46. Ke4 Kd6 47. f4 Ke6 48. f5+ Kf6 49. g5+ Kf7 50. Ke5 Ke7 51. h5 h6 52. gxh6 gxh6 53. f6+ Kf8 54. Kf4 Ke8 55. Kf5 Kf7 56. Ke5 Kf8 1/2-1/2

[Event "CYCC-U14"]
[Site "Montreal CAN"]
[Date "1998.01.31"]
[Round "3"]
[White "Huang, Jeff"]
[Black "Hache, Sonny"]
[Result "1-0"]
[WhiteElo "1726"]
[BlackElo "1124"]
[PlyCount "155"]
[GameId "2160767911874015"]
[EventDate "1998.01.31"]
[EventType "swiss"]
[EventRounds "5"]
[EventCountry "CAN"]

1. e4 c5 2. Nf3 e6 3. d4 cxd4 4. Nxd4 d6 5. Nc3 Nf6 6. Bc4 d5 7. exd5 exd5 8. Qe2+ Qe7 9. Bb5+ Bd7 10. Qxe7+ Bxe7 11. O-O O-O 12. Re1 Re8 13. Bg5 a6 14. Bxd7 Nbxd7 15. Rad1 h6 16. Bf4 Nb6 17. Nf3 Nc4 18. Bc1 Rad8 19. a3 b5 20. Rd3 b4 21. axb4 Bxb4 22. Rxe8+ Rxe8 23. Nxd5 Nxd5 24. Rxd5 Be1 25. Rd1 Ba5 26. h3 Re2 27. Nd4 Re8 28. b3 Nd6 29. Be3 Bc7 30. Ra1 Nb5 31. c4 Nxd4 32. Bxd4 Kh7 33. Be3 Rd8 34. Kf1 a5 35. Ke2 Kg6 36. Rd1 Rxd1 37. Kxd1 Kf6 38. Bd4+ Be5 39. Bxe5+ Kxe5 40. Ke1 Kd4 41. Kd2 a4 42. Kc2 axb3+ 43. Kxb3 Kc5 44. Kc3 f6 45. g4 g6 46. Kd3 f5 47. gxf5 gxf5 48. f4 h5 49. h4 Kd6 50. Kd4 Ke6 51. c5 Kd7 52. Kd5 Kc7 53. c6 Kc8 54. Ke6 Kc7 55. Kd5 Kc8 56. Ke6 Kc7 57. Kxf5 Kxc6 58. Kg5 Kd6 59. Kxh5 Ke7 60. Kg6 Kf8 61. f5 Kg8 62. h5 Kf8 63. f6 Kg8 64. h6 Kh8 65. Kf7 Kh7 66. Ke7 Kxh6 67. f7 Kg6 68. f8=R Kg7 69. Rf1 Kg6 70. Rf7 Kg5 71. Ke6 Kg6 72. Rf6+ Kg5 73. Ke5 Kg4 74. Rf5 Kh4 75. Kf4 Kh3 76. Kf3 Kh4 77. Ra5 Kh3 78. Rh5# 1-0

[Event "CYCC-U14"]
[Site "Montreal CAN"]
[Date "1998.01.31"]
[Round "3"]
[White "Ma, Xiao"]
[Black "Rolfe, Warrick"]
[Result "0-1"]
[WhiteElo "1785"]
[BlackElo "1912"]
[PlyCount "140"]
[GameId "2160767911874016"]
[EventDate "1998.01.31"]
[EventType "swiss"]
[EventRounds "5"]
[EventCountry "CAN"]

1. e4 e5 2. Nf3 Nc6 3. Bc4 Bc5 4. c3 Nf6 5. d4 exd4 6. cxd4 Bb4+ 7. Bd2 Bxd2+ 8. Nbxd2 O-O 9. e5 Ne8 10. d5 Ne7 11. Ne4 Ng6 12. h4 Qe7 13. Qd4 d6 14. e6 fxe6 15. Nfg5 e5 16. Qd1 Nf4 17. g3 Ng2+ 18. Kd2 h6 19. Ne6 Bxe6 20. dxe6 d5 21. Bxd5 c6 22. Bxc6 bxc6 23. Qb3 Nf6 24. Nxf6+ Rxf6 25. Ke2 Raf8 26. Raf1 Kh8 27. Rh2 Nxh4 28. Rxh4 Qc5 29. f3 Qe7 30. Ra4 Rxe6 31. Rxa7 Qxa7 32. Qxe6 Qa6+ 33. Ke1 Qa5+ 34. Kd1 Rd8+ 35. Kc2 Qd2+ 36. Kb3 Qd3+ 37. Kb4 Qxf1 38. Qxc6 Rb8+ 39. Ka5 Qe1+ 40. Ka6 Qe2+ 41. Ka5 Qxb2 42. a4 Qb4+ 43. Ka6 Qxa4+ 44. Qxa4 Ra8+ 45. Kb5 Rxa4 46. Kxa4 Kh7 47. Kb4 Kg6 48. Kc4 Kf5 49. Kd3 h5 50. Kd2 g5 51. Ke2 g4 52. Ke3 gxf3 53. Kxf3 e4+ 54. Ke2 Kg4 55. Kf2 Kh3 56. Ke3 Kxg3 57. Kxe4 h4 58. Kd5 h3 59. Ke4 h2 60. Kd4 Kf4 61. Kd5 h1=Q+ 62. Kc5 Ke5 63. Kc4 Qd1 64. Kc3 Kd5 65. Kb4 Qc1 66. Kb3 Kd4 67. Kb4 Qc4+ 68. Ka5 Qb3 69. Ka6 Kc5 70. Ka7 Kc6 0-1

[Event "CYCC-U14"]
[Site "Montreal CAN"]
[Date "1998.02.01"]
[Round "4"]
[White "Hache, Sonny"]
[Black "Fortin, Marc"]
[Result "1-0"]
[WhiteElo "1124"]
[BlackElo "2039"]
[PlyCount "101"]
[GameId "2160767911874018"]
[EventDate "1998.01.31"]
[EventType "swiss"]
[EventRounds "5"]
[EventCountry "CAN"]

1. c4 e6 2. Nc3 d5 3. e3 Nf6 4. d3 dxc4 5. Qa4+ Bd7 6. Qxc4 Nc6 7. Nf3 Bd6 8. Bd2 O-O 9. Be2 a6 10. Qh4 Ne7 11. Ng5 Ng6 12. Qh3 e5 13. g4 Qc8 14. Nce4 h6 15. Nxf6+ gxf6 16. Ne4 Kg7 17. Nxd6 cxd6 18. e4 Rh8 19. Rc1 Bc6 20. Rg1 Qe6 21. b3 h5 22. Rh1 hxg4 23. Qxg4 Qxg4 24. Bxg4 Rh4 25. Bf5 Ne7 26. Rg1+ Kf8 27. Rc4 Rxh2 28. Bb4 Nxf5 29. exf5 Ke7 30. d4 Rh5 31. d5 Bd7 32. Rc7 a5 33. Ba3 b5 34. Ke2 Rc8 35. Ra7 b4 36. Bc1 a4 37. bxa4 Rc2+ 38. Bd2 Rxa2 39. a5 b3 40. Ke3 b2 41. Bc3 Rh3+ 42. f3 Ra3 43. Rc7 Kd8 44. Rc4 Bb5 45. Rg8+ Ke7 46. Rc7+ Bd7 47. Rb8 Rh2 48. a6 Rxa6 49. Bxb2 Ra5 50. Rbb7 Ke8 51. Rxd7 1-0

[Event "CYCC-U14"]
[Site "Montreal CAN"]
[Date "1998.02.01"]
[Round "4"]
[White "Rolfe, Warrick"]
[Black "Vezina, Kenny"]
[Result "1-0"]
[WhiteElo "1912"]
[BlackElo "1392"]
[PlyCount "97"]
[GameId "2160767911874019"]
[EventDate "1998.01.31"]
[EventType "swiss"]
[EventRounds "5"]
[EventCountry "CAN"]

1. e4 e5 2. Nf3 Nc6 3. Bb5 Nf6 4. d3 h6 5. O-O Bc5 6. c3 d6 7. d4 a6 8. Bxc6+ bxc6 9. dxc5 Nxe4 10. cxd6 cxd6 11. Na3 Qb6 12. Nc4 Qc5 13. Qa4 Bd7 14. Ncxe5 Nxf2 15. Rxf2 dxe5 16. Qe4 f5 17. Qxe5+ Qxe5 18. Nxe5 Rd8 19. Be3 g5 20. Bd4 Rg8 21. Re1 Be6 22. Nxc6 Rd6 23. Rfe2 Kd7 24. Ne5+ Kc7 25. Nd3 Bc4 26. Be5 Rgd8 27. Bxd6+ Rxd6 28. Re7+ Kd8 29. Ne5 Be6 30. Rxe6 Rxe6 31. Nf7+ Ke7 32. Rxe6+ Kxe6 33. Nxh6 f4 34. Kf2 Kf6 35. Kf3 Kg6 36. Ng4 Kf5 37. b4 Kg6 38. a4 Kh5 39. g3 Kg6 40. b5 axb5 41. axb5 fxg3 42. hxg3 Kf5 43. b6 Ke6 44. b7 Kd5 45. b8=Q Kc4 46. Qb4+ Kd3 47. Ne5+ Kd2 48. Qb2+ Kd1 49. Ke3 1-0

[Event "CYCC-U14"]
[Site "Montreal CAN"]
[Date "1998.02.01"]
[Round "4"]
[White "Wang, Michael"]
[Black "Gottlieb, Jonathan"]
[Result "0-1"]
[WhiteElo "1114"]
[BlackElo "2083"]
[PlyCount "86"]
[GameId "2160767911874020"]
[EventDate "1998.01.31"]
[EventType "swiss"]
[EventRounds "5"]
[EventCountry "CAN"]

1. e4 c5 2. Nf3 d6 3. d3 Nc6 4. c3 e5 5. Be3 g6 6. Nbd2 Bg7 7. Be2 Nge7 8. Qc2 O-O 9. h4 h5 10. Ng5 f6 11. Ngf3 Be6 12. b3 b5 13. a3 Rc8 14. Qb2 a5 15. a4 b4 16. Nc4 bxc3 17. Qxc3 d5 18. exd5 Nxd5 19. Qd2 Ncb4 20. Bh6 Qc7 21. Bxg7 Kxg7 22. Rc1 Rfd8 23. g3 Ne7 24. Rc3 e4 25. Nh2 Ned5 26. Rc1 Nxd3+ 27. Bxd3 exd3 28. Qxd3 Nf4 29. Qc3 Nd3+ 30. Kf1 Qc6 31. f3 Nxc1 32. Qxc1 Qd5 33. Nb6 Bh3+ 34. Kf2 Qd4+ 35. Qe3 Qb2+ 36. Ke1 Qb1+ 37. Kf2 Qc2+ 38. Qe2 Rd2 39. Re1 Re8 40. Kg1 Rexe2 41. Rxe2 Qd1+ 42. Re1 Qxe1+ 43. Nf1 Qxf1# 0-1

[Event "CYCC-U14"]
[Site "Montreal CAN"]
[Date "1998.02.01"]
[Round "5"]
[White "Gottlieb, Jonathan"]
[Black "Ma, Xiao"]
[Result "0-1"]
[WhiteElo "2083"]
[BlackElo "1785"]
[PlyCount "101"]
[GameId "2160767911874022"]
[EventDate "1998.01.31"]
[EventType "swiss"]
[EventRounds "5"]
[EventCountry "CAN"]

1. e4 d5 2. exd5 Nf6 3. c4 e6 4. d4 exd5 5. Nc3 Be7 6. Bd3 Be6 7. c5 O-O 8. Nf3 h6 9. b4 Nbd7 10. Bf4 Nh7 11. Nb5 c6 12. Nd6 Bxd6 13. Bxd6 Re8 14. O-O Ng5 15. Bc2 Bg4 16. Qd3 Ne4 17. Ne5 Bf5 18. Qf3 Nxd6 19. cxd6 Be6 20. Qg3 Nf6 21. f4 Qxd6 22. f5 Bc8 23. Rae1 Qxb4 24. Qh4 c5 25. Kh1 Qxd4 26. Qg3 Nh5 27. Qh3 Rxe5 28. Qxh5 Rxe1 29. Rxe1 Bd7 30. Re7 Qa1+ 31. Bd1 Be8 32. Qe2 Ba4 33. Rxf7 Qxd1+ 34. Qxd1 Bxd1 35. Rxb7 c4 36. Kg1 c3 37. Rc7 c2 38. Kf2 d4 39. Ke1 Re8+ 40. Kd2 Re2+ 41. Kc1 d3 42. Rc8+ Kh7 43. Rd8 d2+ 44. Rxd2 Rxd2 45. Kxd2 Kg8 46. h3 Kf7 47. g4 Kf6 48. h4 Ke5 49. a4 a5 50. Kc1 Kf4 51. g5 0-1

[Event "CYCC-U14"]
[Site "Montreal CAN"]
[Date "1998.02.01"]
[Round "5"]
[White "Wang, Michael"]
[Black "Hache, Sonny"]
[Result "0-1"]
[WhiteElo "1114"]
[BlackElo "1124"]
[PlyCount "130"]
[GameId "2160767911874024"]
[EventDate "1998.01.31"]
[EventType "swiss"]
[EventRounds "5"]
[EventCountry "CAN"]

1. e4 c5 2. Nf3 e6 3. d4 d5 4. exd5 Qxd5 5. Nc3 Qd7 6. Bb5 Nc6 7. Ne5 Qxd4 8. Nxc6 Qxd1+ 9. Kxd1 Bd7 10. Ne5 Bxb5 11. Nxb5 Rd8+ 12. Ke2 Bd6 13. Nxd6+ Rxd6 14. Bf4 Rd8 15. Rad1 Rxd1 16. Rxd1 Nf6 17. Be3 b6 18. Nc6 O-O 19. Nxa7 h6 20. Nc6 Ra8 21. Rd8+ Rxd8 22. Nxd8 Nd5 23. c4 Nb4 24. a3 Na6 25. Kd3 Kf8 26. Ke4 Ke7 27. Nc6+ Kd6 28. Ne5 f5+ 29. Kf4 g5+ 30. Kg3 Kxe5 31. f4+ Kf6 32. h3 e5 33. fxe5+ Kxe5 34. Kf3 Nc7 35. g3 Ne6 36. Bd2 Nd4+ 37. Ke3 f4+ 38. gxf4+ gxf4+ 39. Kd3 Nf3 40. Bc3+ Nd4 41. b4 f3 42. Be1 cxb4 43. axb4 Nb3 44. Bf2 Nc1+ 45. Kc2 Na2 46. Kb3 Nc1+ 47. Ka4 Nd3 48. Bxb6 f2 49. Bxf2 Nxf2 50. Kb5 Nxh3 51. Kb6 Ng5 52. c5 Ne4 53. Kb7 h5 54. c6 h4 55. c7 h3 56. c8=Q Nd6+ 57. Kc7 Nxc8 58. Kxc8 h2 59. b5 h1=Q 60. b6 Qa8+ 61. Kc7 Kd5 62. b7 Qa5+ 63. Kc8 Qc5+ 64. Kb8 Kc6 65. Kc8 Qf8# 0-1